films francois civil - Statistiques

Statistiques générales
  • Ce quiz a été pris 79 fois
  • Le résultat moyen est 7 sur 20
Statistiques - réponses
Hint Réponse % Correct
d'Artagnan les 3 mousquetaires
91%
Clotaire L'amour ouf
86%
Timothée five
75%
Raphaël Ramisse mon inconnue
63%
Antoine bac nord
46%
maitre chanterelle le chant du loup
46%
remy deux moi
45%
Tom/Bartabe fiasco
45%
Tony burn out
34%
julien pas de vagues
31%
Jérémie ce qui nous lie
25%
Yann en corps
22%
Greg une zone a défendre
20%
Luc la flamme
18%
Hyppolite dix pour cent
15%
Alex Chelly celle que vous croyez
11%
papillon catacombes
8%
Christophe made in France
8%
Mario Bus palladium
5%
Martial Dulac soit je meurs, soit je vais mieux
2%
Aucun quiz correspondant
Distribution des résultats
% des personnes avec chaque résultat
Percentile par nombre de réponses
Votre historique - résultats
Vous n’avez pas pris ce quiz